Visualizzazione normale
Vista MARC
- Lafonte Bernardo
di Personal Name
Records bibliografici associati: 3
001 - CONTROL NUMBER
- control field: 23349
003 - CONTROL NUMBER IDENTIFIER
- control field: IT-RoPau
005 - DATE AND TIME OF LATEST TRANSACTION
- control field: 20140501110909.0
008 - FIXED-LENGTH DATA ELEMENTS
- fixed length control field: 140501|| aca||aabn | a|a d
040 ## - CATALOGING SOURCE
- Original cataloging agency: IT-RoPau
- Transcribing agency: IT-RoPau
100 ## - HEADING--PERSONAL NAME
- Personal name: Lafonte Bernardo
670 ## - SOURCE DATA FOUND
- Source citation: Work cat.: (IT-RoPau)102665: Lafonte Bernardo, Come è bello (inno dei catechisti)